Loading...
| Current Events | 2 | 0.00 | 0% | 0% | 0% |
| Fine Arts - Classical Music | 4 | 20.00 | 100% | 100% | 0% |
| Fine Arts - Other Fine Arts | 2 | 5.00 | 50% | 0% | 0% |
| Fine Arts - Painting and Sculpture | 1 | 20.00 | 100% | 100% | 0% |
| History - American History | 4 | 0.00 | 0% | 0% | 0% |
| History - European History | 3 | 3.33 | 33% | 0% | 0% |
| History - Other History | 4 | 7.50 | 75% | 0% | 0% |
| History - World History | 2 | 0.00 | 0% | 0% | 0% |
| Literature - American Literature | 3 | 3.33 | 33% | 0% | 0% |
| Literature - British Literature | 3 | 10.00 | 67% | 33% | 0% |
| Literature - European Literature | 5 | 8.00 | 80% | 0% | 0% |
| Literature - World Literature | 5 | 4.00 | 20% | 20% | 0% |
| Philosophy | 1 | 0.00 | 0% | 0% | 0% |
| Religion | 3 | 13.33 | 100% | 0% | 33% |
| Science - Biology | 2 | 5.00 | 50% | 0% | 0% |
| Science - Chemistry | 3 | 3.33 | 33% | 0% | 0% |
| Science - Other Science | 4 | 5.00 | 25% | 25% | 0% |
| Science - Physics | 2 | 5.00 | 50% | 0% | 0% |
| Social Science | 5 | 10.00 | 60% | 20% | 20% |